Suchergebnisse auf Wikipedia A-Z - Statistiken

Allgemein
  • Dieses Quiz wurde 89 mal gespielt
  • Das Durchschnittsergebnis liegt bei 43 aus 78
Antwortstatistiken
Letter Clue Antwort % Korrekt
A deutscher Politiker, von 1933 bis 1945 Diktator des Deutschen Reiches Adolf Hitler
99%
B Hauptstadt und bevölkerungsreichste Stadt sowie Land der Bundesrepublik Deutschland Berlin
95%
Fußballunternehmen aus Leverkusen, Nordrhein-Westfalen Bayer 04 Leverkusen
88%
F Ballsportart zweier Mannschaften mit je elf Spielern Fußball
88%
G Suchmaschine des US-amerikanischen Unternehmens (??) LLC Google
87%
portugiesischer Fußballspieler Cristiano Ronaldo
85%
bevölkerungsreichste Stadt in Hessen, Deutschland Frankfurt am Main
85%
H Stadt und Land der Bundesrepublik Deutschland Hamburg
85%
D westgermanische Sprache Deutsch
84%
soziales Netzwerk des US-amerikanischen Unternehmens Meta Facebook
83%
Landeshauptstadt des Freistaates Sachsen, Deutschland Dresden
80%
M Landeshauptstadt des Freistaates Bayern, Deutschland München
79%
K Millionenmetropole am Rhein und bevölkerungsreichste Stadt in Nordrhein-Westfalen Köln
78%
L Hauptstadt und bevölkerungsreichste Stadt des Vereinigten Königreichs London
78%
Staat, der von 1949 bis zur Herstellung der Einheit Deutschlands im Jahr 1990 bestand Deutsche Demokratische Republik
76%
Krieg von 1914 bis 1918 mit etwa vierzig beteiligten Staaten und etwa 17 Millionen Toten Erster Weltkrieg
76%
E westgermanische Sprache Englisch
74%
P Hauptstadt und bevölkerungsreichste Stadt Frankreichs Paris
74%
R Hauptstadt und bevölkerungsreichste Stadt Italiens Rom
74%
staatlich organisierter Völkermord an den europäischen Juden durch das nationalsozialistische Deutschland während des Zweiten Weltkriegs Holocaust
73%
weltweiter Ausbruch der Infektionskrankheit (??) COVID-19
72%
N bevölkerungsreichste Stadt der Vereinigten Staaten New York City
72%
Währungseinheit der Vereinigten Staaten US-dollar
72%
Darstellung aller bereits entdeckten chemischen Elemente in einer Tabelle Periodensystem
71%
C Chatbot auf Basis künstlicher Intelligenz von OpenAI ChatGPT
70%
deutscher Politiker (SPD) und 9. Bundeskanzler der Bundesrepublik Deutschland (seit 2021) Olaf Scholz
70%
Bundeshauptstadt der Republik Österreich Wien
70%
letzte Königin des ägyptischen Ptolemäerreiches und letzter weiblicher Pharao Kleopatra VII.
68%
bevölkerungsreichstes und westlichstes Land der Bundesrepublik Deutschland Nordrhein-Westfalen
68%
akademischer Titel oder Teil der Amtsbezeichnung einer Person, die an einer Hochschule lehrt Professor
67%
U kontinentaler Fußballwettbewerb für Vereinsmannschaften in Europa UEFA Champions League
66%
W freie Online-Enzyklopädie Wikipedia
66%
Land der Bundesrepublik Deutschland Bayern
63%
Edelmetall, chemisches Element Gold
63%
Bundesstaat der Vereinigten Staaten von Amerika Kalifornien
63%
Provinz in Kanada Québec
62%
britische Rockband Queen
62%
Stadt im Nordosten Italiens Venedig
62%
Land der Bundesrepublik Deutschland Thüringen
61%
chinesisches Videoportal für Kurzvideos TikTok
61%
bevölkerungsreichste Stadt der Schweiz und Hauptort des Kantons (??) Zürich
61%
ehemaliger flächengrößter Staat der Erde von 1922 bis 1991 Sowjetunion
57%
deutsche Politikerin (CDU), Präsidentin der Europäischen Kommission Ursula von der Leyen
57%
klassischer katholischer Pilgerweg in Europa Jakobsweg
55%
Z global geführter Krieg sämtlicher Großmächte von 1939 bis 1945 mit mehr als 60 Millionen Toten Zweiter Weltkrieg
55%
T US-amerikanische Sängerin und Songwriterin Taylor Swift
54%
Y US-amerikanisches Internet-Videoportal; Tochtergesellschaft von Google YouTube
54%
V Königin von Großbritannien und Irland (1837-1901), Kaiserin von Indien (1876-1901) Victoria
52%
Superhelden-Filmreihe X-Men
52%
sowjetischer Diktator, Generalsekretär des ZK der KPdSU (1878-1953) Josef Stalin
51%
X deutscher Sänger Xavier Naidoo
51%
deutscher Philosoph der Aufklärung (1724-1804) Immanuel Kant
50%
I Adresse in Computernetzwerken IP-Adresse
48%
indogermanische Sprache Latein
48%
Teil der Erdoberfläche mit gleicher Uhrzeit und Datum Zeitzone
48%
deutscher Politiker (Bündnis 90/Die Grünen), Bundeswirtschaftsminister, Vizekanzler, MdB, Autor Robert Habeck
46%
US-amerikanisches E-Commerce- und Technologieunternehmen mit Hauptsitz in Seattle, Washington Amazon
45%
Q US-amerikanischer Filmregisseur, Schauspieler, Filmproduzent und Drehbuchautor Quentin Tarantino
44%
umfangreiches Nachschlagwerk Enzyklopädie
38%
O Reich der Dynastie der (??) bis 1922 Osmanisches Reich
37%
historischer Staat Römisches Reich
35%
Bevölkerungskohorte, die im Zeitraum der frühen 1980er bis zu den späten 1990er Jahren geboren wurde Generation Y
33%
spanischer Fußballspieler und -trainer (geboren 1981) Xabi Alonso
30%
Herrschaftsbereich der römisch-deutschen Kaiser (962-1806) Heiliges Römisches Reich
29%
japanische Künstlerin, Autorin und Friedensaktivistin Yoko Ono
28%
J deutscher Dichter, Dramatiker, Naturforscher und Politiker (1749-1832) Johann Wolfgang von Goethe
27%
selbständiges Staatsrechtssubjekt innerhalb der Verwaltungsgliederung der Bundesrepublik Deutschland Land
26%
deutscher Politiker und Staatsmann Otto von Bismarck
26%
globale internationale und zwischenstaatliche Organisation Vereinte Nationen
26%
alle Geschlechtsidentitäten, die außerhalb der Zweigeschlechtlichkeit liegen: nicht eindeutig und nicht ausschließlich Mann oder Frau Nichtbinäre Geschlechtsidentität
23%
Datenbank über Filme, Fernsehserien, Videoproduktionen, Videospiele und Filmschaffende IMDb
21%
österreichisch-niederländischer Skirennläufer Marcel Hirscher
16%
S Gesellschaftsordnung, mehrdeutiger Begriff verschiedener Geisteswissenschaften Staat
13%
US-amerikanischer Schauspieler (1924-2004) Marlon Brando
12%
paramilitärische Kampforganisation der NSDAP (1921-1945) Sturmabteilung
12%
US-amerikanische Sitcom Young Sheldon
4%
politischer und religiöser Führer des Iran Ali Chamenei
1%
deutscher Dirigent und Komponist Wilhelm Furtwängler
0%
Keine übereinstimmenden Quizze gefunden
Verteilung der Resultate
Anzahl Personen mit jedem Resultat
Perzentil nach korrekt beantworteten Fragen
Ihre Resultats-Entwicklung
Sie haben dieses Quiz noch nicht gespielt